| 000 | 00553nam a2200169 a 4500 | ||
|---|---|---|---|
| 005 | 20140412111222.0 | ||
| 008 | 010131s19uu xx 00 eng d | ||
| 020 | _a971-121-159-9 | ||
| 050 |
_aFil E _bAl1 1990 |
||
| 100 | _aAlma, Rio | ||
| 245 |
_aAlamat ng dilis : _bang malungkot na buhay ng isda sa dagat / _cTula ni rio Alma ; Guhit ni Alberto E. Gamos. |
||
| 260 |
_aQuezon City, M.M : _bChildren's Comm. Center, _c1990. |
||
| 300 | _a1 v. (unp.) ; ill. | ||
| 650 | _aLegends -- Philippines | ||
| 650 | _aFolk poetry, Filipino | ||
| 999 |
_c101954 _d101954 |
||